| 000 | 00873nam a2200265 a 4500 | ||
|---|---|---|---|
| 999 |
_c12389 _d12389 |
||
| 001 | 12389 | ||
| 003 | BD-JhCC | ||
| 005 | 20220622134024.0 | ||
| 008 | 220202b2021 bg |||| ||a| 000 0 ben d | ||
| 020 | _a9789848118436 | ||
| 035 | _a(BD-JhCC)12389 | ||
| 040 |
_aBD-JhCC _dBD-JhCC |
||
| 041 | _aBengali | ||
| 082 |
_a791.43028092 _bCHA 2021 |
||
| 100 | _aচ্যাপলিন, চার্লি | ||
| 245 |
_aআমার জীবন / _cচার্লি চ্যাপলিন, অনু: সুশোভন মুখোপাধ্যায় । |
||
| 260 |
_aঢাকা : _bআকাশ; _c২০২১. |
||
| 300 |
_a432 p. : _c22 cm. |
||
| 600 | _aChaplin,Charlie.1889-1977 | ||
| 650 | _aMotion picture actors | ||
| 650 | _aComediqns | ||
| 700 | _aমুখোপাধ্যায়,সুশোভন | ||
| 942 |
_2ddc _cBK _01 |
||